Language Quiz

Random Language Quiz

Literary Terms Quiz - CBHS IB Stats

 Plays Quiz not verified by Sporcle

Support Sporcle.
Go Orange.
Score 0/30 Timer 07:00
0 Plays Today
Hidden Message! Term % Correct
Hhyperbole
92%
Ssimile
86.7%
Ppersonification
86.3%
Ttheme
85.4%
Iimagery
71.2%
Iirony
65%
Rresolution
65%
Ttone
64.6%
Nnarrator
61.9%
Rrising action
59.7%
Aallusion
59.3%
Ssymbolism
53.5%
Ooxymoron
52.2%
Aassonance
50%
Aalliteration
48.2%
Hidden Message! Term % Correct
Ttransition
38.1%
Yy
36.3%
Eexposition
34.5%
Uunderstatement
31%
Hhumor
30.1%
Rrhetoric
29.6%
Tthesis
29.2%
Ssynecdoche
28.3%
Mmotif
28.3%
Bblank verse
26.5%
Eenjambment
22.6%
now, type the hidden message! (after the 12th and last letters, add an exclamation point, and a comma after the 26th)THIS IS SPARTA! BRUSH YOUR TEETH, MAN!
20.4%
Hhalf-rhyme
17.7%
Ssynesthesia
9.7%
Uuniversal symbol
5.8%

You're not logged in!

Compare scores with friends on all Sporcle quizzes.
OR
Log In

From the Vault

NHL Top 200 Goal Scorers (Career)

by kmad

This quiz is tough, but we hope you 'stick' with it.
Remove Ads.
Support Sporcle.
Get the best of Sporcle when you Go Orange. This ad-free experience offers more features, more stats, and more fun while also helping to support Sporcle. Thank you for becoming a member.

Show Comments

Extras

Created Mar 10, 2011ReportNominate
Tags:English, Literary Terms

Top Quizzes Today


Score Distribution

Your Account Isn't Verified!

In order to create a playlist on Sporcle, you need to verify the email address you used during registration. Go to your Sporcle Settings to finish the process.

Report this User

Report this user for behavior that violates our Community Guidelines.

Details: